Statistics for Taylor Swift New Romantics Lyrics

Click here to take the quiz!

General Stats

  • This quiz has been taken 507 times
  • The average score is 371 of 410

Answer Stats

Answer% Correct
a
99%
I
99%
the
99%
we
99%
new
98%
romantic
98%
we're
98%
baby
97%
is
97%
me
97%
of
97%
all
96%
are
96%
in
96%
life
96%
romantics
96%
every
95%
and
94%
so
94%
best
93%
castle
93%
come
93%
free
93%
he
93%
it
93%
national
93%
people
93%
to
93%
with
93%
anthem
92%
but
92%
like
92%
our
92%
they
92%
along
91%
build
91%
could
91%
everything
91%
just
91%
on
91%
out
91%
threw
91%
tired
91%
bored
90%
bricks
90%
dancing
90%
heartbreak
90%
night
90%
proudly
90%
sing
90%
at
89%
dream
89%
off
89%
honey
88%
too
88%
battle
87%
busy
87%
get
86%
everyday
85%
feet
85%
play
85%
bathroom
84%
for
84%
cause
83%
'cause
83%
classroom
83%
cry
83%
mascara
83%
tears
83%
that
83%
better
82%
it's
82%
know
82%
my
82%
us
82%
young
82%
coming
81%
dumb
81%
mine
81%
trust
81%
wait
81%
doing
80%
show
80%
what
80%
aren't
79%
scarlet
79%
exactly
78%
letters
78%
I'm
77%
road
77%
ruin
77%
trains
77%
love
76%
them
76%
ace
75%
different
75%
take
75%
true
75%
about
74%
knocked
74%
most
74%
please
74%
rumors
74%
cruel
73%
face
73%
see
73%
danger
72%
hand
72%
terrible
72%
can't
71%
need
71%
up
71%
want
71%
record
70%
here
69%
lights
68%
blinding
67%
timing
67%
changer
66%
leave
66%
poker
66%
switch
66%
sides
65%
stranded
65%
team
62%
then
59%
back
58%
hang
57%
noise
46%

Score Distribution

Percentile by Number Answered

Percent of People with Each Score

Your Score History

You have not taken this quiz